Overlay drafting : a primer for the building design team /

Bibliographic Details
Main Author: Woods, Frank
Other Authors: Powell, John (Draftsman)
Format: Book
Language:English
Published: London : New York : Architectural Press ; Van Nostrand Reinhold, 1987.
Subjects:

MARC

Tag First Indicator Second Indicator Subfields
LEADER 00000cam a2200000 a 4500
001 in00000009942
005 20151007051607.0
008 870921s1987 enka b 00010 eng d
020 |a 0442291892 
035 |a (OCoLC)16724423 
035 |9 AAA3778AM 
040 |a CFS  |c CFS  |d KSU  |d TXA  |d UtOrBLW 
049 |a TXAM  |c [A12540916] 
050 4 |a T352  |b .W66 1987 
100 1 |a Woods, Frank. 
245 1 0 |a Overlay drafting :  |b a primer for the building design team /  |c Frank Woods and John Powell. 
264 1 |a London :  |b Architectural Press ;  |a New York :  |b Van Nostrand Reinhold,  |c 1987. 
300 |a 102 pages :  |b illustrations ;  |c 30 cm. 
336 |a text  |b txt  |2 rdacontent 
337 |a unmediated  |b n  |2 rdamedia 
338 |a volume  |b nc  |2 rdacarrier 
504 |a Bibliography: page 102. 
650 0 |a Overlay drafting systems. 
650 0 |a Architectural drawing. 
700 1 |a Powell, John  |c (Draftsman) 
999 |a MARS 
999 f f |s 5e3da423-bf3c-3917-b732-f875a582fcca  |i 4bf78527-a43b-35e4-bf06-60fe0f39de61  |t 0 
952 f f |p ric  |a Texas A&M University  |b Rellis Campus  |c Joint Library Facility  |d Remote Storage  |t 0  |e T352 .W66 1987  |h Library of Congress classification  |i unmediated -- volume  |m A14812540916 
998 f f |a T352 .W66 1987  |t 0  |l Remote Storage